000 00298nam a2200133Ia 4500
008 230312s9999||||xx |||||||||||||| ||und||
082 _a658
_bWEI
100 _aWeihrich Heinz
245 0 _aManagement
300 _a744
546 _aEng.
650 _aManagement
_va global perspective
942 _cBK
999 _c1031
_d1031